Elección de diputados, representantes de partidos judiciales, sindicatos y corporaciones
Publicado:
San Jorge, núm. 93 (1r trimestre 1974), pàg 75 - 79 :
Materias:
Barcelona. Diputació -- Diputats
MARC
| LEADER | 00000nam a2200000Ia 4500 | ||
|---|---|---|---|
| 001 | |||
| 008 | 160829s9999 xx 000 0 cat d | ||
| 245 | |a Elección de diputados, representantes de partidos judiciales, sindicatos y corporaciones | ||
| 260 | |a San Jorge, núm. 93 (1r trimestre 1974), pàg 75 - 79 | ||
| 590 | |a Inclou una petita menció de representants elegits desde 1971 fins a 1974 | ||
| 650 | |a Barcelona. Diputació |x Diputats |9 22930 | ||
| 901 | |a Arxiu | ||
| 942 | |n 1 | ||
| 952 | |0 0 |1 0 |4 0 |7 1 |9 50326 |a Arxiu |b Arxiu |d 2016-12-01 |l 0 |r 2016-12-01 00:00:00 |w 2016-12-01 |y ARXIU | ||
| 999 | |c 54168 |d 54168 | ||